Loading...
Science - Chemistry | 0 | 10 | 0 | 1 | 100 | 24 | 54.90 | 3 | 9 |
Science - Physics | 0 | 9 | 1 | 2 | 85 | 31 | 58.56 | 1 | 6 |
Literature - World Literature | 0 | 9 | 1 | 0 | 85 | 23 | 45.78 | 5 | 9 |
Literature - American Literature | 0 | 8 | 4 | 0 | 60 | 19 | 38.88 | 5 | 8 |
Science - Biology | 0 | 6 | 1 | 2 | 55 | 35 | 74.33 | 2 | 3 |
Literature - British Literature | 0 | 6 | 3 | 0 | 45 | 28 | 50.00 | 3 | 6 |
History - European History | 0 | 4 | 0 | 0 | 40 | 22 | 45.50 | 4 | 4 |
Social Science | 0 | 3 | 0 | 0 | 30 | 44 | 60.67 | 0 | 1 |
Painting/Sculpture | 0 | 3 | 1 | 1 | 25 | 85 | 97.67 | 0 | 1 |
History - World History | 0 | 2 | 0 | 0 | 20 | 69 | 81.00 | 0 | 0 |
Mythology | 0 | 2 | 0 | 0 | 20 | 57 | 61.00 | 1 | 1 |
Literature - European Literature | 0 | 4 | 4 | 0 | 20 | 47 | 60.75 | 1 | 4 |
Science - Other Science | 0 | 3 | 2 | 1 | 20 | 48 | 81.00 | 1 | 1 |
Fine Arts - Other Fine Arts | 0 | 2 | 0 | 0 | 20 | 74 | 75.00 | 1 | 1 |
Fine Arts - Classical Music | 0 | 2 | 0 | 0 | 20 | 58 | 83.50 | 0 | 1 |
History - Other History | 0 | 2 | 1 | 0 | 15 | 44 | 78.50 | 0 | 1 |
Philosophy | 0 | 1 | 0 | 0 | 10 | 58 | 58.00 | 0 | 1 |
Religion | 0 | 1 | 0 | 0 | 10 | 65 | 65.00 | 0 | 1 |
History - American History | 0 | 1 | 1 | 0 | 5 | 90 | 90.00 | 1 | 1 |